Statistics for Leonardo DiCaprio - Roles by Picture

Click here to take the quiz!

General Stats

  • This quiz has been taken 32 times
  • The average score is 10 of 33

Answer Stats

Answer% Correct
Jack Dawson
81%
Jay Gatsby
69%
Arnie Grape
58%
Romeo
50%
Calvin Candie
46%
J. Edgar Hoover
46%
Frank Abagnale Jr.
38%
Howard Hughes
38%
Trooper William 'Billy' Costigan Jr.
38%
Hugh Glass
35%
Jordan Belfort
35%
Arthur Rimbaud
27%
Danny Archer
27%
Dom Cobb
27%
Philippe Bourbon / King Louis XIV
27%
Rick Dalton
27%
Amsterdam Vallon
23%
Ernest Burkhart
23%
Fee 'The Kid' Herod
23%
Frank Wheeler
23%
Jim Carroll
23%
Richard
23%
Teddy Daniels
23%
Dr. Randall Mindy
19%
Hank
19%
Tobias 'Toby' Wolff / Jack
19%
Brandon Darrow
15%
Luke Brower
15%
Roger Ferris
15%
Garry Buckman
12%
Glen
8%
Josh
8%
Young Mason Capwell
8%

Score Distribution

Percentile by Number Answered

Percent of People with Each Score

Your Score History

You have not taken this quiz